| 000 | 00539nam a2200181 i 4500 | ||
|---|---|---|---|
| 001 | 81226 | ||
| 003 | ES-MaACL | ||
| 005 | 20230906174408.0 | ||
| 007 | t| | ||
| 008 | 041103s1933 fr ||||1| fre d | ||
| 100 | 1 |
_aHuch, Ricarda. _964510 |
|
| 245 | 1 | 4 |
_aLes romantiques allemands / _cRicarda Huch ; traduit par André Babelon. |
| 260 |
_aParis : _bBernard Grasset, _c1933 ( _fF. Paillart) |
||
| 300 |
_a326 p. ; _c21 cm. |
||
| 650 | 4 |
_aRomanticismo- _zAlemania. _916944 |
|
| 700 | 1 |
_aBabelon, André. _924411 |
|
| 852 |
_aES-MaACL _jA-2523 |
||
| 999 |
_c81226 _d81226 |
||